00289nam a22001217a 4500008004100000082001000041100001400051245003000065260002900095270002700124300001000151490000600161230821b ||||| |||| 00| 0 eng d aS-SHA aSharrocks aThe Secret SevenhEnglish aDelhibA.I.C.B. cRohini aA.I.C.B. Rohini, Delhi a12x13 v1